Five-Letter in Seven-Letter Quiz Stats

 Plays Quiz Updated Jan 3, 2018

Score 0/24 Timer 06:00
6 Plays Today
Clue Answer % Correct
F _ _ _ _ _ YF-ACTOR-Y
89.7%
M _ _ _ _ _ AM-AGENT-A
86.3%
B _ _ _ _ _ YB-ALONE-Y
85.3%
W _ _ _ _ _ YW-EIGHT-Y
84.8%
C _ _ _ _ _ TC-LOSES-T
83.9%
A _ _ _ _ _ TA-GAINS-T
80.3%
L _ _ _ _ _ YL-OTTER-Y
77.3%
T _ _ _ _ _ OT-ANGEL-O
75.4%
C _ _ _ _ _ EC-LEANS-E
75.3%
O _ _ _ _ _ EO-VERSE-E
67.5%
O _ _ _ _ _ NO-RATIO-N
65.5%
E _ _ _ _ _ EE-DUCAT-E
64.7%
Clue Answer % Correct
P _ _ _ _ _ BP-ROVER-B
62.6%
T _ _ _ _ _ YT-WITCH-Y
60.3%
S _ _ _ _ _ HS-EVENT-H
60%
P _ _ _ _ _ YP-OVERT-Y
58.3%
S _ _ _ _ _ TS-ALIEN-T
54.4%
G _ _ _ _ _ EG-LIMPS-E
53.4%
O _ _ _ _ _ NO-MICRO-N
50.2%
L _ _ _ _ _ EL-ATTIC-E
46.7%
T _ _ _ _ _ YT-RAGED-Y
42.8%
F _ _ _ _ _ YF-LOWER-Y
32.2%
A _ _ _ _ _ MA-CRONY-M
31.7%
E _ _ _ _ _ EE-CLIPS-E
27.3%

You're not logged in!

Compare scores with friends on all Sporcle quizzes.
OR
Log In

Show Comments

Extras

Top Quizzes Today


Score Distribution

Your Account Isn't Verified!

In order to create a playlist on Sporcle, you need to verify the email address you used during registration. Go to your Sporcle Settings to finish the process.

Report this User

Report this user for behavior that violates our Community Guidelines.

Details: